Kraje, w których walutą jest Euro - Statystyki

Ogólne statystyki
  • Ten quiz został rozwiązany 799 razy
  • Średni wynik to 20 z 25
Statystyki odpowiedzi
Państwo % Poprawnych
Niemcy
98%
Hiszpania
96%
Francja
94%
Belgia
92%
Portugalia
92%
Holandia
91%
Włochy
91%
Austria
88%
Grecja
86%
Słowacja
86%
Litwa
85%
Łotwa
84%
Luksemburg
84%
Estonia
83%
Andora
82%
Słowenia
79%
Watykan
79%
San Marino
78%
Finlandia
77%
Irlandia
77%
Monako
72%
Malta
67%
Cypr
60%
Czarnogóra
58%
Kosowo
54%
Nie znaleziono quizów pasujących do podanych kryteriów
Rozkład punktacji
Procent ludzi z każdym wynikiem
Percentyl według liczby udzielonych odpowiedzi
Twoja historia wyników
Nie rozwiązałeś tego quizu